000 00811nam a2200229Ia 4500
001 15856
003 GE_BSU
008 181216s||||||||xx |||||||||||||| ||und||
040 _cGE_BSU
080 _a821.353.1-32
100 _aჭილაძე, თამაზ
245 _aგასეირნება პონის ეტლით
245 _bშუადღე.მოთხრობები
245 _cრედ.ილ.ხოშტარია. მხატვ.დ.ნოდია
260 _aთბილისი
260 _bსაბჭ. საქართველო
260 _c1963
300 _a323გვ. ; 17სმ
653 _aგასეირნება პონის ეტლით
653 _aშუადღე.მოთხრობები
942 _cBK
999 _c48953
_d48953